000 00793nam a2200217Ia 4500
003 CO-ViMGA
008 180103s9999 xx 000 0 und d
020 _a9789586654609
040 _aCO-ViMGA
_bspa
_cCO-ViMGA
082 0 4 _a174.9
_b C67e
100 1 _aCorrea Fontecilla, Pedro Pablo
_912231
245 1 0 _aÉtica para educadores :
_b¿cuál es el lugar de la ética en el siglo XXI? /
_cPedro Pablo Correa Fontecilla
250 _aEdición especial
260 _aBogotá :
_bSiglo del Hombre,
_c2017.
300 _a256 páginas
_bilustraciones en blanco y negro ;
_e24 cm
490 _a(Plan Nacional de Lectura y Escritura Leer es mi Cuento / Ministerio de Cultura)
650 1 4 _aEtica Pedagógica
_912233
650 1 4 _aÉtica
_9474
650 1 4 _aMaestros
_zÉtica Profesional
_912232
942 _2ddc
_cBK
999 _c8473
_d8473